| 000 | 00785nam a22002177a 4500 | ||
|---|---|---|---|
| 003 | OSt | ||
| 005 | 20250704024330.0 | ||
| 008 | 250617b |||||||| |||| 00| 0 eng d | ||
| 020 | _a9781462545254 | ||
| 040 |
_aDWCL - Main lib _cOC |
||
| 082 | _aCirc. 370.15 S363 2021 | ||
| 100 | _aChafouleas, Sandra M. | ||
| 245 |
_aSchool-based behavioral assessment: _binforming prevention and intervention/ _cSandra M. Chafouleas [and three others] |
||
| 250 | _aSecond edition | ||
| 260 |
_aNew York: _bThe Guilford Press, _cc2021. |
||
| 300 |
_axv, 168 pages: _billustrations; _c27 cm. |
||
| 504 | _aIncludes bibliographical references and index. | ||
| 650 | _a1. Behavioral assessment of children. | ||
| 650 | _a2. Educational Psychology. | ||
| 942 |
_2ddc _cBK-CIRC _eSecond edition _kCirc. _n0 |
||
| 999 |
_c3112 _d3112 |
||